| 000 | 01610nam a2200373 c 4500 | ||
|---|---|---|---|
| 003 | BLK | ||
| 005 | 20230808132039.0 | ||
| 008 | 180409b bul|||||r ||||||| ||bul|| | ||
| 010 | _aKNG00137135000 | ||
| 040 | _aBLK | ||
| 041 |
_aBUL _cBUL |
||
| 072 | 7 |
_2bullib _aН86 _xДетска отраслова литература Н |
|
| 080 |
_aИздания за деца и юноши. Книжки-картинки. Читанки. Вж и 372.4 _b087.5 _x _z087.5 |
||
| 700 | 1 |
_aПледжър, Морис _eхудож. _9378225 |
|
| 700 | 1 |
_aАнтонова, Весела _eпрев. _9378226 |
|
| 139 |
_aПледжър, Морис _bП 59 |
||
| 245 | 1 | 0 |
_aБухалчето Ози търси нови приятели _bЗапознаване с животните : Кн. с игри и стикери с над 150 цв. стикера за многократно ползване _cхудож. Морис Пледжър; прев. Весела Антонова. |
| 257 | _aGBR | ||
| 260 |
_аСофия _bФют _c2011 _fотпеч. в Малайзия |
||
| 300 |
_a88, 12 с. _bс цв. ил. _c28 см |
||
| 380 | _aDN | ||
| 500 | _aБез сведение за ориг. загл. | ||
| 650 | 4 |
_aКниги-игри _9158798 |
|
| 653 | _aкниги-игри | ||
| 653 | _aлитература за деца | ||
| 653 | _aдетска литература | ||
| 659 | _aН | ||
| 852 | _aЦб ІІ 17525 | ||
| 856 | 4 |
_qpdf _u |
|
| 856 | 4 |
_qpdf _u |
|
| 942 |
_cKNG _n0 _01 |
||
| 944 |
_aCR _c11.12.2012 _lБояна Костадинова _k30551 |
||
| 944 |
_aED _c01.06.2013 _lф / _k |
||
| 999 |
_c131323 _d131323 |
||